000 00334nam a2200133Ia 4500
005 20251222142006.0
008 251222s9999||||xx |||||||||||||| ||spa||
020 _a84-7774-123-9
082 _a371.001/D64
100 _aDevís Devís, José
245 0 _aEducación Física, Deporte y Currículum:
264 _bVisor
942 _cLIB
999 _c10161
_d10161